Villes de Saône-et-Loire en images - Statistiques

Statistiques générales
  • Ce quiz a été pris 121 fois
  • Le résultat moyen est 10 sur 18
Statistiques - réponses
Par images Hint Réponse % Correct
C Chalon-sur-Saône
98%
LC Le Creusot
96%
A Autun
85%
M Mâcon
85%
T Tournus
77%
M Montceau-les-Mines
71%
P Paray-le-Monial
68%
L Louhans
64%
C Cluny
61%
S Solutré-Pouilly
57%
D Digoin
50%
C Charolles
49%
S (B) Saint-Léger-sous-Beuvray (Bibracte)
28%
LB La Boulaye
20%
C Couches
18%
P Pierre-de-Bresse
15%
M (B) Martailly-lès-Brancion
7%
S Saint-Loup-de-Varennes
5%
Aucun quiz correspondant
Distribution des résultats
% des personnes avec chaque résultat
Percentile par nombre de réponses
Votre historique - résultats
Vous n’avez pas pris ce quiz